Growing Sideways - Noah Kahan (All Lyrics) - Statistics

General Stats
  • This quiz has been taken 123 times
    114 since last reset
  • The average score is 294 of 348
Answer Stats
Lyrics % Correct
I
100%
me
100%
So
100%
so
100%
a
98%
and
98%
And
98%
my
98%
some
98%
middle
96%
On
96%
on
96%
out
96%
to
96%
took
96%
couch
94%
leather
94%
man's
94%
medication
94%
medication,
94%
new
94%
poured
94%
trauma
94%
about
92%
"I'm
92%
I'm
92%
in
92%
the
92%
we
92%
for
90%
found
90%
Jesus,
90%
place
90%
said,
90%
argued
88%
at
88%
At
88%
But
88%
cured"
88%
go
88%
into
88%
middle-aged
88%
what
88%
be
87%
finally
87%
ground
87%
it
87%
Keep
87%
Lulu,
87%
overpriced
87%
still
87%
style
87%
sufferin'
87%
there
87%
alive
85%
angry
85%
are
85%
day,
85%
end
85%
first
85%
forget
85%
heart
85%
it's
85%
know
85%
liver
85%
of
85%
parts
85%
rest
85%
sideways
85%
stay
85%
their
85%
them
85%
thirty
85%
ways
85%
worse
85%
anger
83%
around
83%
did
83%
felt
83%
I'll
83%
is
83%
move
83%
parents
83%
sad-eyed,
83%
up
83%
Why
83%
bad
81%
fell
81%
growing
81%
ignore
81%
now
81%
pain
81%
savings
81%
Spent
81%
'Til
81%
damn
79%
empty
79%
got
79%
guess
79%
healthy
79%
shit
79%
things
79%
divvied
77%
drive
77%
engine
77%
impatient?
77%
like
77%
perfect
77%
separate
77%
that
77%
everyone's
75%
high
75%
if
75%
never
75%
works
75%
have
73%
met
73%
Oh,
73%
start
73%
terrified
73%
all
71%
manic
71%
might
71%
'Cause
69%
forgot
69%
rushin'
69%
Until
67%
was
67%
Keeps
65%
life
63%
wasted
63%
watch
63%
feel
62%
Lord
62%
than
62%
better
60%
don't
60%
knows
60%
numb
60%
time
60%
die
58%
mind,
58%
Yeah,
58%
Ain't
42%
No matching quizzes found
Score Distribution
Percent of People with Each Score
Percentile by Number Answered
Your Score History
You have not taken this quiz since the last reset